Statistics for Countries with Gender Imbalance

Click here to take the quiz!

General Stats

  • This quiz has been taken 168 times
  • The average score is 13 of 29

Answer Stats

RatioCountry% Correct
1.06China
94%
1.08India
81%
0.86Russia
74%
1.18Saudi Arabia
73%
1.09Pakistan
71%
1.22Oman
65%
2.19United Arab Emirates
65%
2.00Qatar
61%
0.86Ukraine
60%
1.05Afghanistan
57%
1.54Kuwait
54%
0.84Estonia
53%
1.24Bahrain
51%
0.87Belarus
49%
0.89Lithuania
47%
0.86Latvia
45%
1.10Jordan
40%
0.91Georgia
35%
0.91Moldova
35%
0.89Armenia
31%
1.10Bhutan
29%
0.91Hungary
26%
0.91Monaco
22%
0.86Djibouti
21%
0.91San Marino
16%
1.14Palau
12%
1.06Samoa
11%
0.91Zimbabwe
9%
0.90Antigua and Barbuda
2%

Score Distribution

Percentile by Number Answered

Percent of People with Each Score

Your Score History

You have not taken this quiz